000 00493nam a2200193 a 4500
001 1764920667368
003 ACL
005 20251205131612.0
008 251205s2004##################000#0#eng##
020 _a9780521607568
082 0 4 _a629.416
_bHAS
100 1 _aHastings, Daniel,
_eauthor.
245 1 0 _aSpacecraft-Environment Interactions :
260 _bCambridge University Press,
_c2004.
300 _a320 pages
650 0 _aScience.
942 _cENGLISH
040 _aACL
_beng
_cACL
999 _c600343
_d600343